000 01058nam a2200313 i 4500
003 EG-GICUC
005 20260506110400.0
008 260506s1967 ve ||||fr|||| 00| 0 spa d
040 _aEG-GiCUC
_bspa
_cEG-GiCUC
_dEG-GiCUC
_eRda
041 0 _aspa
082 0 4 _221
_a343.2
_bME . C
092 0 4 _221
099 _aLaw1 10 343.2 ME . C 3 ed - 1967
100 1 _a Mendoza Troconis, José Rafael
_eAuthor.
245 1 0 _a Curso de derecho penal venezolano :
_bcompendio de parte especial /
_c por José Rafael Mendoza Troconis
250 _aTercera edición
264 1 _aCaracas :
_bEmpresa El Cojo S.A.,
_c1967.
300 _a620 page ;
_c 24 cm.
_billustrations,
336 _2rda contenu
_a texte
337 _2rda medias
_aOrdinateur
338 _2 transporteur rda
_a Ressource en ligne
504 _aComprend des references bibliographiques.
546 _aText in Spanish
650 1 _aCriminal Law
_2qrmak
651 1 _2qrmak
856 4 0 _uhttps://fll.law.cu.edu.eg/fulltext/bks/B10-11834.pdf
905 _a74
942 _2ddc
_n0
_cBK
_e21
999 _c75984
_d75984